000 01603nam2a22002771 4500
001 RU\NLR\INFOCOMM44\1000035084
005 20250617112351.0
035 _a(NLR Aleph) 002572091
090 _a3198770
_c3198770
100 _a20040603d1956 |||y0rusy50 ca
101 0 _arus
102 _aRU
105 _ay |||||||||
200 1 _aНовый способ заливки эксцентриков
_fА.И. Гетманский, М.С. Смоленцев
210 _d1956
_aБ. м.
423 0 _12001#$aЭлектрощетка для зачистки трубок радиаторов$fА.А. Стрижов
_1700#1$aСтрижов$bА.А.
_tЭлектрощетка для зачистки трубок радиаторов
_aСтрижов, А.А.
461 0 _1001RU\NLR\INFOCOMM44\1000035052
_12001#$aОбмен опытом$eИнформационный листок стекольной промышленности$fМПСМ СССР. Техн. упр. Проектно-конструкторское бюро ВНИИСтекла$v№33
_93198599
_cМ.
_d1956-1958
_fМПСМ СССР. Техн. упр. Проектно-конструкторское бюро ВНИИСтекла
_nПромстройиздат
_oИнформационный листок стекольной промышленности
_tОбмен опытом
_v№33
700 1 _aГетманский
_bА.И.
_4070
701 1 _aСмоленцев
_bМ.С.
_4070
801 1 _aRU
_bInfoComm
_c20040603
801 0 _aRU
_bNLR
_gPSBO
852 _aNLR
_jП10/1520
942 _cISSUE
980 _aNB
980 _aRUSPER